[Event "ZIMBABWE INTERNATIONAL CHESS OPEN 2016-M"]
[Site "NEW AMBASSADOR HOTEL, Cnr Sam "]
[Date "2015.12.29"]
[Round "4.3"]
[White "Jilowa, Tito (ZAM)"]
[Black "Chimbamu, Elisha (ZIM)"]
[Result "1/2-1/2"]
[WhiteElo "2125"]
[BlackElo "2157"]
[PlyCount "50"]
[EventDate "2015.12.28"]
[EventRounds "9"]
[EventCountry "ZIM"]

1. d3 c5 2. g3 Nf6 3. Bg2 g6 4. c4 Bg7 5. Nc3 Nc6 6. e3 O-O 7. Nge2 d6 8. h3 e6
9. e4 a6 10. O-O Rb8 11. a4 Ne8 12. Ra3 Nc7 13. Rb3 Na5 14. Ra3 Nc6 15. Rb3 Na5
16. Ra3 Nc6 17. Qb3 b6 18. Kh2 Na5 19. Qd1 Nc6 20. f4 b5 21. axb5 axb5 22. cxb5
Nxb5 23. Nxb5 Rxb5 24. e5 d5 25. Nc3 Ra5 1/2-1/2

[Event "ZIMBABWE INTERNATIONAL CHESS OPEN 2016-M"]
[Site "NEW AMBASSADOR HOTEL, Cnr Sam "]
[Date "2015.12.29"]
[Round "4.4"]
[White "Chumfwa, Stanley (ZAM)"]
[Black "Oatlhotse, Providence (BOT)"]
[Result "1-0"]
[WhiteElo "2307"]
[BlackElo "2309"]
[PlyCount "139"]
[EventDate "2015.12.28"]
[EventRounds "9"]
[EventCountry "ZIM"]

1. Nf3 Nf6 2. c4 c6 3. d4 d5 4. Nc3 e6 5. Bg5 Nbd7 6. e3 Qa5 7. Bxf6 Nxf6 8.
Nd2 Bb4 9. Qc2 e5 10. dxe5 Ne4 11. cxd5 Nxc3 12. bxc3 Bxc3 13. Rc1 Bxe5 14.
dxc6 O-O 15. Bd3 bxc6 16. Bxh7+ Kh8 17. Bd3 Be6 18. O-O Qxa2 19. Qxa2 Bxa2 20.
Bc4 Bxc4 21. Nxc4 Bc7 22. Rfd1 Rfd8 23. g3 Kg8 24. Kf1 Kf8 25. Rxd8+ Rxd8 26.
Rb1 Ra8 27. Rb7 Bd8 28. Ne5 a5 29. Nxc6 Bf6 30. Rb3 a4 31. Ra3 Bb2 32. Ra2 a3
33. Nb4 Rc8 34. Ke2 Rb8 35. Nd3 g5 36. Kd2 Kg7 37. Kc2 Rh8 38. Nxb2 axb2 39.
Rxb2 Rxh2 40. Kd3 Kg6 41. Ke4 f6 42. Kf3 Rh1 43. Rb6 Rc1 44. Rd6 Rb1 45. e4
Rb3+ 46. Ke2 Rb2+ 47. Ke3 Rb3+ 48. Rd3 Rb2 49. Ra3 Rc2 50. f4 gxf4+ 51. gxf4
Rc4 52. Ra7 Rb4 53. f5+ Kh6 54. Rf7 Rb6 55. Re7 Rb3+ 56. Kd4 Kg5 57. Kd5 Re3
58. Kd6 Re2 59. Re6 Ra2 60. Ke7 Ra7+ 61. Kf8 Rb7 62. Re7 Rb8+ 63. Kg7 Rb6 64.
Kh7 Ra6 65. Rg7+ Kf4 66. Kg6 Kxe4 67. Re7+ Kd5 68. Kf7 Rb6 69. Re6 Rb7+ 70.
Kxf6 1-0

[Event "ZIMBABWE INTERNATIONAL CHESS OPEN 2016-M"]
[Site "NEW AMBASSADOR HOTEL, Cnr Sam "]
[Date "2015.12.29"]
[Round "4.6"]
[White "Kahoba, Lewis (ZIM)"]
[Black "Janyure, Farai (ZIM)"]
[Result "0-1"]
[WhiteElo "2114"]
[BlackElo "2020"]
[PlyCount "86"]
[EventDate "2015.12.28"]
[EventRounds "9"]
[EventCountry "ZIM"]

1. c4 f5 2. Nc3 Nf6 3. g3 g6 4. Bg2 Bg7 5. e3 O-O 6. d4 d6 7. Nf3 c6 8. O-O
Nbd7 9. d5 Nb6 10. dxc6 bxc6 11. Nd4 Bd7 12. b3 Rc8 13. Rb1 Qc7 14. Bb2 e5 15.
Nde2 Be6 16. Rc1 Qe7 17. Ba3 Rfd8 18. e4 Bh6 19. f4 Nxe4 20. Nxe4 fxe4 21. Bxe4
Bg4 22. Bf3 Bh3 23. Bg2 Bf5 24. Kh1 Qe6 25. Bb2 Nd7 26. Qe1 Nc5 27. Qc3 Bg7 28.
Rcd1 Rd7 29. Qe3 Bh6 30. Qc3 Ne4 31. Qe3 Nf6 32. Qc3 Re7 33. fxe5 dxe5 34. Ba3
c5 35. Qa5 Be3 36. Rf3 Ng4 37. h3 e4 38. Rff1 Nf2+ 39. Rxf2 Bxf2 40. Nf4 Qe5
41. Rd8+ Rxd8 42. Qxd8+ Kg7 43. Nd5 Qa1+ 0-1

[Event "ZIMBABWE INTERNATIONAL CHESS OPEN 2016-M"]
[Site "NEW AMBASSADOR HOTEL, Cnr Sam "]
[Date "2015.12.29"]
[Round "4.9"]
[White "Dimba, James (ZAM)"]
[Black "Munenga, Douglas (ZAM)"]
[Result "1-0"]
[WhiteElo "2083"]
[BlackElo "2117"]
[PlyCount "100"]
[EventDate "2015.12.28"]
[EventRounds "9"]
[EventCountry "ZIM"]

1. e4 e6 2. d4 d5 3. Nc3 Bb4 4. e5 Qd7 5. a3 Bxc3+ 6. bxc3 b6 7. a4 Ba6 8. Bxa6
Nxa6 9. Qd3 Nb8 10. Nf3 Nc6 11. c4 dxc4 12. Qxc4 Nge7 13. O-O O-O 14. Rd1 h6
15. Qe2 Qc8 16. Ba3 Re8 17. c4 Qa6 18. Qc2 Rad8 19. d5 exd5 20. cxd5 Nb8 21. d6
cxd6 22. exd6 Nec6 23. Re1 Qc8 24. Rac1 Qd7 25. h3 Rxe1+ 26. Rxe1 Re8 27. Rd1
Rc8 28. Qe4 Re8 29. Qd5 Qe6 30. Qb5 Rd8 31. Re1 Qf6 32. Qd5 Qc3 33. Re3 Qa5 34.
Qc4 Qa6 35. Qc2 Rc8 36. Qf5 Qb7 37. Ne5 Nd4 38. Qg4 Ne6 39. Nxf7 Qxf7 40. Rxe6
h5 41. Qe4 Nc6 42. f3 Rd8 43. d7 Qxd7 44. Rxc6 Re8 45. Qc4+ Kh8 46. Rd6 Qf5 47.
Qc3 Qf4 48. Rd7 Qg3 49. Rd1 Re2 50. Rd8+ Kh7 1-0